| 000 | 01251cam a22002537a 4500 | ||
|---|---|---|---|
| 005 | 20151215091422.0 | ||
| 008 | 000812s1999 it a b i100 0 eng d | ||
| 020 | _a9251043590 | ||
| 040 |
_aXX-XxUND _cXX-XxUND _dDLC _dCO-BoIAVH |
||
| 041 | 0 | _aspa | |
| 044 | _ait | ||
| 082 | 0 | 0 |
_a333.7616 _bP94p |
| 245 | 0 | 0 |
_aPrevention of land degradation, enhancement of carbon sequestration and conservation of biodiversity through land use change and sustainable land management with a focus on Latin America and the Caribbean : _bproceedings of the IFAD/FAO expert consultation, IFAD, Rome, Italy, 15 April 1999. |
| 260 |
_aRome : _bFood and Agriculture Organization for the United Nations, _c1999. |
||
| 300 |
_aviii, 115 páginas : _bilustraciones ; _c30 x 21 cm. |
||
| 504 | _aIncluye referencias bibliográficas. | ||
| 650 | 0 |
_aUso del suelo _zAmérica Latina _vCongresos. |
|
| 650 | 0 |
_aUso del suelo _zÁrea Caribe _vCongresos. |
|
| 650 | 0 |
_aDesarrollo sostenible _zAmérica Latina _vCongresos. |
|
| 650 | 0 |
_aDesarrollo sostenible _zÁrea Caribe _vCongresos. |
|
| 710 | 2 | _aInternational Fund for Agricultural Development. | |
| 710 | 2 | _aFood and Agriculture Organization of the United Nations. | |
| 942 |
_2ddc _cLIBRO |
||
| 999 |
_c5204 _d5204 |
||